000 00636nam a2200217Ii 4500
001 16902
003 CO-ViMGA
008 241108s9999||||xx |||||||||||||| ||und||
020 _a9789589674987
040 _aCO-ViMGA
_bspa
_erda
_cCO-ViMGA
041 0 _aspa
082 0 4 _aR 779.37 D31d
100 1 _aJuan Manuel Díaz Merlano
_949216
245 1 0 _aDeltas y estuarios de Colombia.
264 1 _aBogotá, Colombia : Banco de Occidente., 2007
300 _avolumen
336 _atext
_btxt
_2rdacontent
337 _aunmediated
_bn
_2rdamedia
338 _avolume
_bnc
_2rdacarrier
940 _aidficha_siabuc: 16571. -- ficha_no_siabuc:16902
999 _c43859
_d43859